<?xml version="1.0" encoding="UTF-8"?>
<record
    xmlns:xsi="http://www.w3.org/2001/XMLSchema-instance"
    xsi:schemaLocation="http://www.loc.gov/MARC21/slim http://www.loc.gov/standards/marcxml/schema/MARC21slim.xsd"
    xmlns="http://www.loc.gov/MARC21/slim">

  <leader>00793nam a2200229 i 4500</leader>
  <controlfield tag="001">bgj</controlfield>
  <datafield tag="245" ind1="1" ind2="0">
    <subfield code="a">W&#xF6;rterbuch der englischen und deutschen Sprache :</subfield>
    <subfield code="b">englisch-deutsch.</subfield>
    <subfield code="c">auf der Grundlage der Bearb. von Erwin Weis und Erich Weis v&#xF6;llig neu bearb. von Erich Weis ; unter Mitwirkung von Heinrich Mattutat.</subfield>
    <subfield code="n">1 /</subfield>
  </datafield>
  <datafield tag="246" ind1="1" ind2="0">
    <subfield code="a">Sch&#xF6;ffler-Weis W&#xF6;rterbuch der englischen und deutschen Sprache.</subfield>
  </datafield>
  <datafield tag="260" ind1=" " ind2=" ">
    <subfield code="a">Stuttgart :</subfield>
    <subfield code="b">Ernst Klett Verlag,</subfield>
    <subfield code="c">c. 1967.</subfield>
  </datafield>
  <datafield tag="300" ind1=" " ind2=" ">
    <subfield code="a">1176, [2] s. ;</subfield>
    <subfield code="c">17 cm.</subfield>
  </datafield>
  <datafield tag="650" ind1=" " ind2="9">
    <subfield code="a">J&#x119;zyk niemiecki</subfield>
  </datafield>
  <datafield tag="655" ind1=" " ind2=" ">
    <subfield code="a">S&#x142;owniki</subfield>
  </datafield>
  <datafield tag="700" ind1="1" ind2=" ">
    <subfield code="a">WEIS, Erwin.</subfield>
  </datafield>
  <datafield tag="700" ind1="1" ind2=" ">
    <subfield code="a">WEIS, Erich.</subfield>
  </datafield>
  <datafield tag="700" ind1="1" ind2=" ">
    <subfield code="a">MATTUTAT, Heinrich.</subfield>
  </datafield>
  <datafield tag="040" ind1=" " ind2=" ">
    <subfield code="c">BPK</subfield>
  </datafield>
  <datafield tag="041" ind1="0" ind2=" ">
    <subfield code="a">ger</subfield>
  </datafield>
  <datafield tag="044" ind1=" " ind2=" ">
    <subfield code="a">DEU</subfield>
  </datafield>
  <datafield tag="080" ind1=" " ind2=" ">
    <subfield code="a">811.112.2(03)</subfield>
  </datafield>
  <datafield tag="942" ind1=" " ind2=" ">
    <subfield code="c">KS</subfield>
  </datafield>
  <controlfield tag="008">      s        gw     f     |000 0 ger  </controlfield>
  <datafield tag="999" ind1=" " ind2=" ">
    <subfield code="c">50745</subfield>
    <subfield code="d">50745</subfield>
  </datafield>
  <datafield tag="856" ind1=" " ind2=" ">
    <subfield code="u">http://koha.tu.koszalin.pl/cgi-bin/koha/opac-detail.pl?biblionumber=50745</subfield>
    <subfield code="y">Katalog online BPK</subfield>
  </datafield>
  <datafield tag="952" ind1=" " ind2=" ">
    <subfield code="0">0</subfield>
    <subfield code="1">0</subfield>
    <subfield code="4">0</subfield>
    <subfield code="7">1</subfield>
    <subfield code="a">BPK</subfield>
    <subfield code="b">BPK</subfield>
    <subfield code="c">mh</subfield>
    <subfield code="o">N 908</subfield>
    <subfield code="p">02123387</subfield>
    <subfield code="y">KS</subfield>
  </datafield>
</record>
